000 00827nac a22003130a 4500
001 PT40976
003 AR-LpoUNG
005 20210201005417.0
008 201001s2004||||ag |||||||||||||||||spa d
020 _a9875060941
_c$17.50
040 _aAR-LpoUNG
_bspa
_eaacr
041 _aspa
044 _aag
082 0 _a982.04 657v1
100 1 _aGómez de Mier, Eugenio
_edir.
245 1 0 _aRosas y su época
250 _a1ra ed.
260 _aBuenos Aires :
_bDocencia,
_c2004.
300 _a413 p. :
_bil., mapas
_a(2
_fVolúmenes)
_3Impreso
490 0 _aRosas y su época
650 4 _aANALISIS HISTORICO
650 4 _aARGENTINA
650 4 _aDOCUMENTOS PRIMARIOS
650 4 _aJEFES DE ESTADO
651 4 _aArgentina
710 2 _aFundación Hernandarias (Buenos Aires)
905 _a40976
942 _cLSALA
999 _c49451
_d49451